00468 2200193 4500001002100000005001500021035002000036008004100056245004800097100001800145250000600163260003400169300001100203084001400214082000800228650001400236990001200250990001200262INLIS00000000000009520240502104110 a0010-0424000071240502 0 ind 1 aBerkah Durian Bhineka Bawor /cHeri Suritno aSuritno, Heri a1 aSolo :bTiga Serangkai,c2013 a60 hlm a600 HER b a600 4aNon Fiksi a0732561 a0732562